| 000 | 01146cam a22001934a 4500 | ||
|---|---|---|---|
| 005 | 20250605163952.0 | ||
| 008 | 250528s ||||||||||||||||||||||||d | ||
| 035 | _a15409 | ||
| 020 | _a77072103 | ||
| 040 |
_aGR-AtMCL _bgre _dGR-AtMCL _eAACR2 |
||
| 245 | 1 | _aOperational Research / Analysis and Applications | |
| 260 |
_bMcgraw Hill Book Company, _c1989 |
||
| 300 | _a504 | ||
| 520 | _aA new introductory text for undergraduates in business studies, management, accounting and economics. The text adopts a modular approach to operational research and most chapters are largely self-contained. Preface, Introduction, Linear Programming - Introduction and Graphical Method, Linear Programming - The Simplex Method, Transportation Problems, Assignment Problems, Investment Appraisal, Critical Path Method, Stock Control, Queueing Theory, Expected Values and Decision Trees and Break-even Analysis, Statistical Replacement Methods, Forecasting Methods, Simulation, The Theory of Games, Sequencing Problems, Dynamic Programming, Appendix: Tables, Index. | ||
| 700 | 1 |
_aWilkes Michael _91330 |
|
| 942 | _cBK | ||
| 999 |
_c991 _d991 |
||